| 000 | 00888nam a22002297a 4500 | ||
|---|---|---|---|
| 999 |
_c13373 _d13373 |
||
| 003 | AR-CdUCM | ||
| 008 | 190415b ||||| |||| 00| 0 spa d | ||
| 040 |
_aMUNICIPALIDAD PROVINCIAL DEL CUSCO _cBIBLIOTECA MUNICIPAL DEL CUSCO |
||
| 082 |
_25ed. _a636.2 / _bIN48 |
||
| 100 |
_aInchausti, Daniel _931758 |
||
| 245 |
_aBovinotecnia : _bExplotación del ganado bovino / |
||
| 260 |
_aBuenos Aires : _bEl Ateneo, _c1967. |
||
| 300 |
_a559-1101 páginas ; _bfotografías, cuadros, _c23 cm. |
||
| 500 | _at.2: Explotación del ganado ovino. | ||
| 505 | _aContenido: t.2: Planteo de la estancia -- Práctica de la reproducción -- La cabaña -- Invernada -- Producción de carne ... | ||
| 650 |
_aProducción _91785 |
||
| 650 |
_aGanado vacuno _923879 |
||
| 650 |
_aReproducción _98380 |
||
| 700 |
_aTagle, Ezequiel C. (coautor) _931759 |
||
| 942 |
_2ddc _cLIBROS |
||
| 945 |
_aachl _d2019-04-15 |
||